| 000 | 00615cam a22002531 4500 | ||
|---|---|---|---|
| 001 | 6552605 | ||
| 005 | 20180220040632.0 | ||
| 008 | 740327s1960 pau b 000 0 eng | ||
| 010 | _a 60009825 | ||
| 015 | _aGB60-16215 | ||
| 035 | _a(OCoLC)843119 | ||
| 040 |
_aDLC _cODaWU _dOCoLC _dUk _dDLC |
||
| 041 | _aeng | ||
| 042 | _apremarc | ||
| 060 |
_aWQ100 _b.G812p 1960 |
||
| 080 | _a618.2 | ||
| 082 | _a618.2 GRE | ||
| 100 | 1 | _a10 | |
| 101 | _aGJIN | ||
| 245 | 1 | 0 | _aObstetrics. |
| 504 | _aIncludes bibliographical references. | ||
| 906 |
_a7 _bcbc _coclcrpl _du _encip _f19 _gy-gencatlg |
||
| 942 |
_2ddc _cBK |
||
| 999 |
_c42885 _d42885 |
||